Countries With Hottest Girls - Statistics

General Stats
  • This quiz has been taken 153 times
  • The average score is 6 of 10
Answer Stats
Answer % Correct
Brazil
96%
Mexico
77%
France
75%
Spain
75%
Argentina
66%
Colombia
66%
Italy
66%
Greece
45%
Thailand
26%
Costa Rica
15%
No matching quizzes found
Score Distribution
Percent of People with Each Score
Percentile by Number Answered
Your Score History
You have not taken this quiz